书目信息 |
| 题名: |
残疾人政策法规理论与实践
|
|
| 作者: | 吴填 编著 | |
| 分册: | ||
| 出版信息: | 南京 南京大学出版社 2013.12 |
|
| 页数: | 194页 | |
| 开本: | 23cm | |
| 丛书名: | ||
| 单 册: | ||
| 中图分类: | D669.69 , D922.7 | |
| 科图分类: | ||
| 主题词: | 残疾人--社会保障--福利政策--中国 , 残疾人保障法--中国 , 残疾人 , 社会保障 , 福利政策 , 残疾人保障法 | |
| 电子资源: | ||
| ISBN: | 978-7-305-12478-5 | |
| 000 | 01121nam0 2200301 450 | |
| 001 | 0108153914 | |
| 005 | 20210308154403.0 | |
| 010 | @a978-7-305-12478-5@dCNY26.00 | |
| 100 | @a20140429d2013 em y0chiy50 ea | |
| 101 | 0 | @achi |
| 102 | @aCN@b320000 | |
| 105 | @ay z 000yy | |
| 106 | @ar | |
| 200 | 1 | @a残疾人政策法规理论与实践@Acan ji ren zheng ce fa gui li lun yu shi jian@f吴填编著 |
| 210 | @a南京@c南京大学出版社@d2013.12 | |
| 215 | @a194页@d23cm | |
| 330 | @a本书从社会学视角出发,通过对目前残疾人政策法规的系统梳理,在介绍相关背景理论知识的基础上,反映当前残疾人政策法规中的新理念,并通过案例解析、现实景况分析等方式,全方位多角度的展现目前我国在保障残疾人权益方面的相关政策法规及其落实情况,实现理论研究与实践研究的有机结合,并对残疾人政策法规的发展方向提出了构想。 | |
| 606 | 0 | @a残疾人@x社会保障@x福利政策@y中国 |
| 606 | 0 | @a残疾人保障法@y中国 |
| 606 | 0 | @a残疾人 |
| 606 | 0 | @a社会保障 |
| 606 | 0 | @a福利政策 |
| 606 | 0 | @a残疾人保障法 |
| 690 | @aD669.69@v5 | |
| 690 | @aD922.7@v5 | |
| 701 | 0 | @a吴填@Awu tian@4编著 |
| 801 | 0 | @aCN@bBJSZM@c20210308 |
| 905 | @b1272763-6@dD669.69@e264@f4 | |
| 残疾人政策法规理论与实践/吴填编著.-南京:南京大学出版社,2013.12 |
| 194页;23cm |
| ISBN 978-7-305-12478-5:CNY26.00 |
| 本书从社会学视角出发,通过对目前残疾人政策法规的系统梳理,在介绍相关背景理论知识的基础上,反映当前残疾人政策法规中的新理念,并通过案例解析、现实景况分析等方式,全方位多角度的展现目前我国在保障残疾人权益方面的相关政策法规及其落实情况,实现理论研究与实践研究的有机结合,并对残疾人政策法规的发展方向提出了构想。 |
| ● |
| 相关链接 |
|
|
|
|
正题名:残疾人政策法规理论与实践
索取号:D669.69/264
 
预约/预借
| 序号 | 登录号 | 条形码 | 馆藏地/架位号 | 状态 | 备注 |
| 1 | 1272763 | 212727637 | 第一样本阅览室/ [索取号:D669.69/264] | 在馆 | |
| 2 | 1272764 | 212727646 | 教育系资料室/ [索取号:D669.69/264] | 在馆 | |
| 3 | 1272765 | 212727655 | 教育系资料室/ [索取号:D669.69/264] | 在馆 | |
| 4 | 1272766 | 212727664 | 第一借阅区/ [索取号:D669.69/264] | 在馆 |